Normal view
MARC view
- Harris, Carol,
Entry Personal Name
001 - CONTROL NUMBER
- control field: 4788
003 - CONTROL NUMBER IDENTIFIER
- control field: OSt
005 - DATE AND TIME OF LATEST TRANSACTION
- control field: 20170516084606.0
008 - FIXED-LENGTH DATA ELEMENTS
- fixed length control field: 170516|| aca||aabn | a|a d
040 ## - CATALOGING SOURCE
- Original cataloging agency: OSt
- Transcribing agency: OSt
100 ## - HEADING--PERSONAL NAME
- Personal name: Harris, Carol,
- Dates associated with a name: 1958
670 ## - SOURCE DATA FOUND
- Source citation: Work cat.: (OSt): Harris, Carol, 1958, Miller's collecting fashion & accessories / , 2000

PORTAL AKMAL
E-MEL JKDM
AKMAL2U
G-BAM
u-PUSTAKA